MDQL
is popping MORE tags! Check the
thread
!
Quizzes
Events
Quiz Creation
Community
Videos
Private Events
Remove Ads
Sign In
Join for FREE
Feedback
Dark Mode
Quiz Categories
Sports
Geography
Music
Movies
Television
Just For Fun
Miscellaneous
History
Literature
Language
Science
Gaming
Entertainment
Religion
Holiday
For Kids
Quiz Lab
Recent
Popular Today
Quiz Kudos Today
Editor Picks
Curator Picks
Quizzes by...
Day
Popularity
Type
Ratings
Length
Year
Community
Subscriptions
Recent Discussions
Orange Saloon
Badges
Playlists
Quests
Create
Leaderboards
Showdown
Live 5
Trivia Bingo
Activity
Puzzle Library
Sporcle Events
Private Events
Virtual Trivia
Globe League
Become a Host
Pub Owners
SporcleCon
Opinionation
Our Games
Videos
Blog
Mobile Apps
Partnerships
Remove Ads and Go Orange
Feedback
Just For Fun
Clickable
Get the Picture
Humor
Quick Pick
Word Ladder
Missing Word
Mixed Word
Blitz
Minefield
This or That
Alphabet
Color
Typing
Sporcle
Puzzle
Word Play
Follow That Line
Logic
Just For Fun
Clickable
Get the Picture
Humor
Quick Pick
Word Ladder
Missing Word
Mixed Word
Blitz
Minefield
This or That
Alphabet
Color
Typing
Sporcle
Puzzle
Word Play
Follow That Line
Logic
Random Quiz
Search Sporcle
×
Quiz Lab
Quiz Lab
Just For Fun
Word Ladder
Type in answers that appear in a list
Type in answers that appear in a list
Classic
Best Score? Go Orange.
Word Ladder 1 Stats
Can you name the rungs of this four-letter word ladder?
By
wazariia
2m
24 Questions
212 Plays
212 Plays
212 Plays
Comments
Comments
Give Quiz Kudos
Give Quiz Kudos
-
- Ratings
hide this ad
Replay
Link that replays current quiz
Next Quiz
Link to next quiz in quiz playlist
You Got
0%
They Got
Avg Score
74%
Avg Friend Score
Upgrade to see
Score Distribution
Jump to the score distribution portion of the page
Score
0/24
Timer
02:00
0
Plays Today
Hint
4-letter answer
% Correct
The shape of Italy
boot
91.5%
All work and no _
_
_
_
makes Jack a dull boy
play
89.2%
Many religious people do this
pray
89.2%
A pirate's booty
loot
86.3%
Resting on or against
lean
84.9%
You'll need good credit if you want one of these
loan
83.5%
What you'd find on the dollar coin in Canada
loon
76.9%
A donkey's cry
bray
76.4%
Flying, public speaking and heights are among the most common types of _
_
_
_
fear
76.4%
If you love something set it _
_
_
_
free
75%
A mark or stain typically made by ink
blot
73.1%
Base unit of time in music
beat
72.6%
Hint
4-letter answer
% Correct
Ursine mammal
bear
72.2%
A great achievement
feat
72.2%
Scorch with sudden heat
sear
71.7%
Author of nonsensical limericks; also a king in a Shakespearian tragedy
Lear
71.7%
The largest species of this is the Giant Sequoia
tree
68.9%
A plan to turn a situation into one more advantageous for yourself
ploy
67.9%
[first rung] [last rung]: Deep Space Nine
Star
67%
To Aristotle it tells of a change in fortune that happens to a character
plot
67%
A raised portion on the neck of a stringed instrument
fret
65.1%
[first rung] [last rung]: Next Generation
Trek
64.6%
Homophone of previous answer
feet
62.7%
The word for brother in many Slavic languages
brat
61.3%
Quiz Playlist
Details
Report
Send in Message
Add To Playlist
Classic:
Type in answers that appear in a list
Last Updated: Feb 16, 2017
Quiz Scoreboard
CHALLENGE
Sign Up to Join the Scoreboard
Show All
Scores
Hide
Comments
May contain spoilers
Recently Published
Street Fighter Characters
by Artimus82
Gaming
60s
9x9 Crossword: Cartoon Network
by jackfrog10
Miscellaneous
3m
College Basketball Coaching Resumes
by pancakes188
Sports
9m
More to Explore
Quiz From the Vault
Featured Blog Post
Where Did the Easter Bunny Come From?
hide this ad
You Might Also Like...
Tags
Word Ladder Quiz
4-letter
four
Today's Top Quizzes in Just For Fun
Browse Just For Fun
hide this ad
Today's Top Quizzes in Word Ladder
Browse Word Ladder
Top Contributed Quizzes in Just For Fun
1
Name Just One - 10 to 1: Just For Fun
2
Killer Double Trees 224 - Colour Match-Up
3
Spring Typing Challenge
4
Crossword Whiteout! 49
5
Zeroing In: Just For Fun
6
Survivor Winners Logic Puzzle
7
Word Ladder: Wilderness Weapon
8
Word Ladder: Ahoy Matey
9
Kyle's 122nd Triple Trees
10
Harry Potter Logic - 'In Chains' II
Explore More
Trending Topics
Disney
Kpop
Marvel
Crossword
NBA
Anime
Harry Potter
Country
NFL
The Office
Pokémon
Song
WWE
Soccer
Puzzle
hide this ad
More By:
wazariia
Quiz
Plays
Rating
Category
Featured
Created
Word Ladder 1
212
4.50
Just For Fun
Mar 12, 2011
Word Ladder 2
129
4.00
Just For Fun
Mar 12, 2011
Worst Funeral Songs
104
1.00
Just For Fun
Mar 3, 2011
Word Scramble 1
67
5.00
Just For Fun
Mar 16, 2011
Go to Creator's Profile
Score Distribution
Quiz Creator Spotlight
wazariia
Follow
Send a Message
Quizzes Created
-
Created Quiz Play Count
-
More By This Creator
Popular Quizzes Today
1
Find the US States - No Outlines Minefield
2
Find the Countries of Europe - No Outlines Minefield
3
The Countries of the World
4
Find the US States
5
Risky Map Clicking: Biggest States A-Z
6
US States
7
Popular People in 1961
8
Movies - When Are They Set?
More Just For Fun Quizzes
Word Ladder: OBSCURE OCTOBER 22 HOLIDAY
Published
Trending Quizzes
Risky Map Clicking: Least Populous States A-Z
1-10 Letter G Words
Risky Map Clicking: Next State Alphabetically
Adjectives in 80s TV Shows
The Seven Year Switch: Catherine
Recently Updated
Leaping Animals
pecheneg
Reality TV Shows (A-Z)
bhenderson79
Rickey Henderson's Hall of Fame Teammates
pecheneg
Champions League XIs: Arsenal
pecheneg
Quick Pick: Celebrities in WWE's Hall of Fame
aduchscher
A-Z Keypad Blitz II
pecheneg
Multiple Oscar Actors
pecheneg
Mystery Phrase Blitz: Oscar 'Best Actors'
pecheneg
F. Scott Fitzgerald Novels
LTH
Pick 3 Villains
ddd62291
Trending Topics
NBA
Kpop
Marvel
Crossword
Harry Potter
Anime
Disney
NFL
The Office
Soccer
WWE
Pokémon
Puzzle
Country
Song
Your Account Isn't Verified!
In order to create a playlist on Sporcle, you need to verify the email address you used during registration. Go to your
Sporcle Settings
to finish the process.
Report this User
Report this user for behavior that violates our
Community Guidelines
.
Details:
Send Report
Go to the Sporcle.com Mobile Site →
Comments